Marcatori del Portogallo ai Mondiali - Germania 2006 - Statistics

Statistiche generali
  • Questo quiz è stato fatto 8 volte
  • Il punteggio medio è 4 su 6
Statistiche sulle risposte
Partita Minuto Marcatore % Corretto
Portogallo - Iran 2-0 80' Cristiano Ronaldo
88%
Portogallo - Iran 2-0 63' Deco
88%
Angola - Portogallo 0-1 4' Pauleta
75%
Portogallo - Messico 2-1 6' Maniche
63%
Portogallo - Paesi Bassi 1-0 23' Maniche
63%
Portogallo - Messico 2-1 24' Simão
13%
Nessun quiz corrispondente trovato
Distribuzione punteggi
Percentuale di utenti per punteggio
Percentile per numero di risposta
I tuoi punteggi nel tempo
Non hai fatto questo quiz